| 000 | 00912nam a2200229 a 4500 | ||
|---|---|---|---|
| 001 | 000927382 | ||
| 003 | AM-YeHGA | ||
| 005 | 20250618074136.0 | ||
| 008 | 121114s2012 ai r 000 0 arm d | ||
| 020 | _z978-5-8084-1644-4 | ||
| 040 | _aAM-YeHGA | ||
| 041 | 0 | _aarm | |
| 100 | 1 |
_aՀովակիմյան, Բախտիար Մարդանի, _d1926-2022 _92796 |
|
| 245 | 1 | 0 |
_aՇեքսպիրը հայ թատրոնում / _cԲ. Հովակիմյան. |
| 246 | 1 | 5 | _aShakespeare in the Armenian theatre |
| 260 |
_aԵրևան : _bԵՊՀ հրատ., _c2012. |
||
| 300 |
_a540 էջ+32 էջ ներդիր : _b1 էջ դիմանկ. ; _c21 սմ. |
||
| 440 | 0 | _aՀայկական մատենաշար Գալուստ Կիուլպէնկեան հիմնարկութեան | |
| 600 | 1 | 4 |
_aՇեքսպիր, Ուիլյամ _94634 |
| 650 | 1 | 4 |
_aԹատերագիտություն _xՇեքսպիրը հայ թատրոնում |
| 090 | _c319183 | ||
| 999 |
_c317452 _d317452 |
||